Mots les plus récurrents dans les départements français - Statistiques

Statistiques générales
  • Ce quiz a été pris 124 fois
  • Le résultat moyen est 21 sur 30
Statistiques - réponses
# Mot % Correct
12 Haut.e.s
93%
3 d'
88%
2 Loir
88%
3 Alpes
87%
4 Seine
87%
10 et
82%
3 Pyrénées
82%
6 de
81%
4 Marne
80%
6 Loire
79%
2 Rhône
77%
2 Rhin
75%
3 Garonne
74%
2 Saône
70%
2 Côte.s
68%
2 Lot
66%
2 Moselle
66%
2 Cher
64%
2 Tarn
64%
3 Maritime.s
63%
2 Atlantique.s
61%
2 du
61%
2 Charente
59%
2 Savoie
58%
2 Corse
56%
2 Eure
54%
2 Indre
52%
2 Val
51%
2 Vienne
50%
2 Oise
45%
Aucun quiz correspondant
Distribution des résultats
% des personnes avec chaque résultat
Percentile par nombre de réponses
Votre historique - résultats
Vous n’avez pas pris ce quiz